LIBRARY & INFORMATION CENTRE, KCAET, TAVANUR

ONLINE PUBLIC ACCESS CATALOGUE (OPAC)

Utislisation and economics of draught animal power: Proceedings of th national seminar on status of animal energy utilisation / (Record no. 9857)

MARC details
000 -LEADER
fixed length control field 00507cam a2200145ua 4500
041 ## - LANGUAGE CODE
Language code of text/sound track or separate title eng
082 ## - DEWEY DECIMAL CLASSIFICATION NUMBER
Classification number 028.74
Item number SRI/UT
100 ## - MAIN ENTRY--AUTHOR NAME
Personal name Srivastav, N S L .
245 ## - TITLE STATEMENT
Title Utislisation and economics of draught animal power: Proceedings of th national seminar on status of animal energy utilisation /
260 ## - PUBLICATION, DISTRIBUTION, ETC. (IMPRINT)
Place of publication Bhopal :
Name of publisher Central Institute of Agricultural Engineering ,
Year of publication 1987.
300 ## - PHYSICAL DESCRIPTION
Number of Pages 392 ; .
700 1# - ADDED ENTRY--PERSONAL NAME
Personal name Ojha, T P .
942 ## - ADDED ENTRY ELEMENTS (KOHA)
Koha item type Books
Holdings
Withdrawn status Lost status Damaged status Home library Current library Date acquired Full call number Accession Number Koha item type
      KAUAET KAUAET 06/08/1990 028.74 16708 Reference
free website counter